[Event "Riga Tech Open A 2018"]
[Site "Riga LAT"]
[Date "2018.08.09"]
[Round "5.29"]
[White "Merry, Alan B"]
[Black "Zatonskih, V."]
[Result "1-0"]
[WhiteTitle "IM"]
[BlackTitle "FM"]
[WhiteElo "2445"]
[BlackElo "2297"]
[WhiteFideId "418811"]
[BlackFideId "14102161"]
[EventDate "2018.08.06"]

1. e4 c5 2. Nf3 Nf6 3. e5 Nd5 4. Nc3 e6 5. Nxd5 exd5 6. d4 Nc6 7. dxc5 Bxc5 8.
Qxd5 Qb6 9. Bc4 Bxf2+ 10. Ke2 O-O 11. Rf1 Bc5 12. Qe4 d6 13. Ng5 Nd4+ 14. Kd1 g6
15. Nxh7 Kxh7 16. Bxf7 Nf5 17. e6 d5 18. Bxg6+ Kg7 19. Qg4 Ne3+ 20. Bxe3 Rxf1+
21. Ke2 Qb5+ 22. Bd3+ 1-0

[Event "Riga Tech Open A 2018"]
[Site "Riga LAT"]
[Date "2018.08.09"]
[Round "5.31"]
[White "Borisovsky, Dmitry"]
[Black "Duzhakov, Ilya"]
[Result "0-1"]
[WhiteTitle "FM"]
[BlackTitle "IM"]
[WhiteElo "2297"]
[BlackElo "2441"]
[WhiteFideId "34109410"]
[BlackFideId "4192516"]
[EventDate "2018.08.06"]

1. e4 e5 2. Nf3 Nc6 3. Bc4 Nf6 4. Ng5 d5 5. exd5 Na5 6. Bb5+ c6 7. dxc6 bxc6 8.
Qf3 Be7 9. Bd3 O-O 10. Nc3 h6 11. Nge4 Nxe4 12. Qxe4 f5 13. Qxe5 Bd6 14. Qd4 Rb8
15. Bc4+ Kh8 16. b3 Rb7 17. Bb2 c5 18. Qd3 Nxc4 19. Qxc4 Rb4 20. Qf1 Re8+ 21.
Kd1 Bf4 22. d3 Ba6 23. h4 Rd4 24. Rh3 c4 25. bxc4 Bxc4 26. a4 Qa5 27. Rf3 Rb8
28. Rxf4 Rxf4 29. Nb5 Bxb5 30. axb5 Qxb5 31. Bc1 Ra4 32. Rxa4 Qxa4 33. g3 Re8 0-1

[Event "Riga Tech Open A 2018"]
[Site "Riga LAT"]
[Date "2018.08.09"]
[Round "5.32"]
[White "Vaishali, R"]
[Black "Korchmar, Vasiliy"]
[Result "1/2-1/2"]
[WhiteTitle "WIM"]
[BlackTitle "IM"]
[WhiteElo "2294"]
[BlackElo "2415"]
[WhiteFideId "5091756"]
[BlackFideId "24131750"]
[EventDate "2018.08.06"]

1. e4 e5 2. Nf3 Nc6 3. Bb5 a6 4. Ba4 Nf6 5. O-O Be7 6. Re1 b5 7. Bb3 O-O 8. a4
Bb7 9. d3 d6 10. Nbd2 Na5 11. Ba2 c5 12. Nf1 bxa4 13. c3 Bc6 14. Ne3 Rb8 15. Nd2
Nd7 16. Bd5 Bb5 17. c4 Bxc4 18. dxc4 Nc6 19. Rxa4 Nb4 20. Ra3 Bg5 1/2-1/2

[Event "Riga Tech Open A 2018"]
[Site "Riga LAT"]
[Date "2018.08.09"]
[Round "5.34"]
[White "Meessen, Rudolf"]
[Black "Berzinsh, Roland"]
[Result "0-1"]
[WhiteTitle "FM"]
[BlackTitle "IM"]
[WhiteElo "2281"]
[BlackElo "2408"]
[WhiteFideId "202029"]
[BlackFideId "11600357"]
[EventDate "2018.08.06"]

1. Nf3 c5 2. e4 b6 3. d4 cxd4 4. Nxd4 Bb7 5. Nc3 a6 6. Bd3 g6 7. Be3 Bg7 8. Nd5
e6 9. Nxe6 dxe6 10. Bxb6 Qd6 11. Nc7+ Ke7 12. Nxa8 Bxa8 13. Be3 Bxb2 14. Rb1
Bc3+ 15. Ke2 Nf6 16. f3 Nbd7 17. Qg1 Rc8 18. Qf2 Qa3 19. Rb3 Qxa2 20. Rd1 Qa5
21. Kf1 Nc5 22. Rxc3 Qxc3 23. Bd4 Nxd3 24. cxd3 Qc2 25. Qe1 a5 26. Rd2 Qc7 27.
e5 Nd5 28. Qh4+ Kd7 29. Qxh7 Qc1+ 0-1

[Event "Riga Tech Open A 2018"]
[Site "Riga LAT"]
[Date "2018.08.09"]
[Round "5.35"]
[White "Kuznecovs, Nikita"]
[Black "Bernotas, Arturs"]
[Result "0-1"]
[BlackTitle "FM"]
[WhiteElo "2280"]
[BlackElo "2406"]
[WhiteFideId "11604557"]
[BlackFideId "11601426"]
[EventDate "2018.08.06"]

1. d4 Nf6 2. Nf3 e6 3. Nbd2 c5 4. e3 b6 5. Bd3 Bb7 6. O-O Be7 7. b3 O-O 8. Bb2
d6 9. Qe2 a6 10. Ng5 h6 11. f4 hxg5 12. fxg5 Nh7 13. g6 fxg6 14. Qg4 Rf5 15. e4
Rxf1+ 16. Rxf1 Nf8 17. Rxf8+ Qxf8 18. e5 dxe5 19. dxe5 c4 20. Bxg6 Bc5+ 21. Kh1
Be3 22. Qxe6+ Kh8 23. Ba3 Qc8 24. Qd6 Bxg2+ 25. Kxg2 Qg4+ 26. Kf1 Qd1+ 27. Kg2
Qxd2+ 28. Qxd2 Bxd2 29. e6 Nc6 30. e7 Nxe7 31. Bxe7 Rc8 32. h4 b5 33. h5 cxb3
34. cxb3 Rc1 35. a4 bxa4 36. bxa4 Ra1 37. Kf3 Rxa4 38. Ke2 Bb4 39. Bg5 a5 40.
Kd3 Ra3+ 41. Kc2 Rg3 42. Bf4 Rf3 43. Be5 Rh3 44. Kb2 a4 45. Ka2 Re3 46. Bd4 Re2+
47. Ka1 Bd2 48. Bb2 Bg5 49. Kb1 Bf6 50. Ba3 Re3 51. Bc1 Rb3+ 52. Ka2 Rc3 53. Bd2
Rh3 54. Bc1 Rh1 55. Bh6 Ra1# 0-1

[Event "Riga Tech Open A 2018"]
[Site "Riga LAT"]
[Date "2018.08.09"]
[Round "5.36"]
[White "Seeman, Tarvo"]
[Black "Modler, Andreas"]
[Result "1/2-1/2"]
[WhiteTitle "IM"]
[WhiteElo "2405"]
[BlackElo "2278"]
[WhiteFideId "4500547"]
[BlackFideId "24645877"]
[EventDate "2018.08.06"]

1. Nf3 c5 2. e4 e6 3. g3 Nc6 4. Bg2 Nf6 5. Qe2 e5 6. O-O Be7 7. c3 O-O 8. Na3
Re8 9. d3 h6 10. Nc4 Bf8 11. a4 d6 12. Ne3 g6 13. h3 Bg7 14. Nh2 Rb8 15. Nhg4
Nxg4 16. hxg4 a6 17. Bf3 b5 18. axb5 axb5 19. Kg2 Bb7 20. Rh1 Ne7 21. Nc2 g5 22.
Ne3 d5 23. exd5 Nxd5 24. Ra7 Bc6 25. Be4 Re7 26. Rxe7 Nxe3+ 27. Qxe3 Bxe4+ 28.
Qxe4 Qxe7 29. Be3 c4 30. dxc4 bxc4 31. Ra1 Qe6 32. Ra4 Rc8 33. Rb4 Rc6 34. Rb5
Rc8 35. Rb6 Qd7 36. Rb7 Qe6 37. f3 Rc6 38. Kf2 Rc8 39. Ke2 Qa6 40. Qd5 Qg6 41.
Qe4 Qe6 42. Qf5 Qe8 43. Qd7 Qxd7 44. Rxd7 Bf8 45. Rb7 Kg7 46. Ba7 Bc5 47. Bxc5
Rxc5 48. Ke3 Kg6 49. Ke4 f6 50. Rd7 Rb5 51. Rd2 1/2-1/2

[Event "Riga Tech Open A 2018"]
[Site "Riga LAT"]
[Date "2018.08.09"]
[Round "5.39"]
[White "Miedema, David"]
[Black "Thogersen, Rasmus"]
[Result "1/2-1/2"]
[WhiteTitle "IM"]
[BlackTitle "FM"]
[WhiteElo "2397"]
[BlackElo "2275"]
[WhiteFideId "1018477"]
[BlackFideId "1431412"]
[EventDate "2018.08.06"]

1. Nf3 c5 2. g3 g6 3. Bg2 Bg7 4. O-O Nc6 5. d3 e5 6. Nbd2 Nge7 7. a3 O-O 8. Rb1
a5 9. c4 d5 10. cxd5 Nxd5 11. e3 h6 12. Qc2 b6 13. b3 Ba6 14. Bb2 e4 15. dxe4
Bxf1 16. Rxf1 Nc7 17. e5 Ne6 18. Nc4 Qc7 19. Nfd2 Rad8 20. f4 Ne7 21. a4 Rd7 22.
Ne4 Rfd8 23. Ned6 Nc8 24. Nb5 Qb8 25. g4 Nc7 26. Bc6 Re7 27. Nbd6 Na6 28. Nxc8
Qxc8 29. Qg2 Nb4 30. Be4 Qc7 31. Bc3 Red7 32. Qe2 Kh7 33. h4 Nd5 34. Be1 Ne7 35.
Bg3 f5 36. exf6 Bxf6 37. h5 Kg7 38. hxg6 Nd5 39. Qh2 Rh8 40. Bf5 Rdd8 41. Qc2
Rhe8 42. e4 Nb4 43. Qh2 Bc3 44. Bh4 Rd3 45. Qg2 Bd4+ 46. Kh1 Qc6 47. Nd2 Nc2 48.
Nc4 Ne3 49. Nxe3 Rxe3 50. Rf3 c4 51. Rxe3 Bxe3 52. Qf3 c3 53. Qxe3 c2 54. Qc1
Rxe4 55. Kg1 Re2 56. Bf2 Qf3 57. Qb2+ Kg8 58. Be6+ Rxe6 59. Qxc2 Qxg4+ 60. Kf1
Qh3+ 61. Kg1 Qg4+ 62. Kf1 Qxg6 63. f5 Rc6 64. Qe4 Rc1+ 65. Ke2 Qh5+ 66. Ke3 Qh3+
67. Kf4 Qh2+ 68. Kg4 Qd6 69. Bd4 Qc6 70. Qe2 Rc2 71. Qe5 Qg2+ 72. Kh5 Qe2+ 73.
Qxe2 Rxe2 74. Kxh6 Kf7 75. Kg5 Rg2+ 76. Kf4 Rd2 77. Ke4 Rh2 78. Kd5 Rh5 79. Bxb6
Rxf5+ 80. Kc6 Ke6 81. Bc5 Rf4 82. Bb6 Rf5 83. Bc5 Rf3 84. b4 axb4 85. Bxb4 Rf4 1/2-1/2

[Event "Riga Tech Open A 2018"]
[Site "Riga LAT"]
[Date "2018.08.09"]
[Round "5.43"]
[White "Valner, Uku"]
[Black "Gorbatov, Alexej"]
[Result "1/2-1/2"]
[BlackTitle "IM"]
[WhiteElo "2227"]
[BlackElo "2389"]
[WhiteFideId "4502205"]
[BlackFideId "4111834"]
[EventDate "2018.08.06"]

1. e4 d5 2. exd5 Qxd5 3. Nc3 Qd8 4. d4 Nf6 5. Bd3 c6 6. Nge2 Bg4 7. Bg5 e6 8.
Qd2 Bxe2 9. Nxe2 Nbd7 10. O-O-O Be7 11. f4 Qc7 12. Rhe1 O-O-O 13. Ng3 h6 14. Bh4
Rhe8 15. Kb1 Kb8 16. Qe2 Nd5 17. Bxe7 Rxe7 18. f5 exf5 19. Qd2 Rxe1 20. Rxe1 g6
21. Qxh6 N7f6 22. c3 a6 23. Bc4 Ka7 24. Qg5 Rh8 25. Bxd5 Nxd5 26. Nf1 Rh5 27.
Qd2 Nf6 28. Qe2 Nd5 29. Qd2 f4 30. c4 Nf6 31. Qd3 Qd6 32. Qc3 Rh8 33. a3 Rd8 34.
Rd1 Ne4 35. Qc2 f5 36. Qb3 b5 37. cxb5 cxb5 38. Ka1 Qd5 39. Qf3 Qd6 40. Qb3 Rc8
41. g3 Rc4 42. gxf4 Qxf4 43. Qe3 Qxe3 44. Nxe3 Rc6 45. h4 Rd6 46. Ng2 Nf6 47.
Nf4 Nd5 48. Nxd5 Rxd5 49. Kb1 Rd7 50. Kc2 Rh7 51. Rh1 Rh5 52. Rg1 Rxh4 53. Rxg6
Rxd4 54. Rf6 Rd5 55. Kc3 a5 56. b3 Kb7 57. a4 Kc7 58. axb5 Rxb5 59. Kc4 Rb4+ 60.
Kc3 f4 61. Ra6 Re4 62. Rxa5 Kd6 63. Rf5 Ke6 64. Rf8 Re3+ 65. Kd4 Rxb3 66. Rxf4
Rb4+ 67. Ke3 Rxf4 68. Kxf4 1/2-1/2

[Event "Riga Tech Open A 2018"]
[Site "Riga LAT"]
[Date "2018.08.09"]
[Round "5.45"]
[White "Holland, James P"]
[Black "Krivonosov, Oleg"]
[Result "1/2-1/2"]
[BlackTitle "IM"]
[WhiteElo "2212"]
[BlackElo "2386"]
[WhiteFideId "416835"]
[BlackFideId "11600349"]
[EventDate "2018.08.06"]

1. e4 e5 2. Nf3 Nc6 3. Bc4 Bc5 4. c3 Nf6 5. d4 exd4 6. cxd4 Bb4+ 7. Bd2 Nxe4 8.
Bxb4 Nxb4 9. Bxf7+ Kxf7 10. Qb3+ Kf8 11. Qxb4+ Qe7 12. Qxe7+ Kxe7 13. O-O Kd8
14. Re1 Nf6 15. Nc3 d6 16. Ng5 Rf8 17. f3 h6 18. Ne6+ Bxe6 19. Rxe6 Kd7 20. Rae1
Rae8 21. Rxe8 Nxe8 22. Kf2 Nf6 23. Ke3 c6 24. g3 b5 25. b4 a5 26. a3 axb4 27.
axb4 Ra8 28. Kd2 Ra3 29. Rb1 Nd5 30. Nxd5 cxd5 31. Ke2 g5 32. h4 Ra2+ 33. Ke3
Ra3+ 34. Ke2 gxh4 35. gxh4 h5 36. Rg1 Rb3 37. Rg5 Rxb4 38. Rxd5 Ke6 39. Rxh5
Rxd4 40. Rxb5 Rxh4 1/2-1/2

[Event "Riga Tech Open A 2018"]
[Site "Riga LAT"]
[Date "2018.08.09"]
[Round "5.47"]
[White "Huber, Philipp"]
[Black "Seyb, Alexander"]
[Result "1/2-1/2"]
[BlackTitle "IM"]
[WhiteElo "2189"]
[BlackElo "2383"]
[WhiteFideId "4643887"]
[BlackFideId "4699033"]
[EventDate "2018.08.06"]

1. d4 Nf6 2. Bg5 e6 3. e4 h6 4. Bxf6 Qxf6 5. c3 d6 6. Bd3 Qg6 7. Qf3 e5 8. Bc4
Be7 9. Ne2 O-O 10. h3 c6 11. Nd2 Be6 12. Bxe6 fxe6 13. Qg4 Qxg4 14. hxg4 Nd7 15.
Nf3 exd4 16. Nfxd4 Nc5 17. f3 Bg5 18. Rd1 Rae8 19. Nb3 Nxb3 20. axb3 d5 21. e5
c5 22. Kf2 Rc8 23. g3 Rc6 24. f4 Rb6 25. Nc1 c4 26. bxc4 dxc4 27. Ke3 Be7 28.
Rd2 a5 29. Ke4 a4 30. Ne2 Ra8 31. Ra1 g6 32. Ra2 Kf7 33. Rd7 Rc8 34. f5 gxf5+
35. gxf5 exf5+ 36. Kxf5 Rg8 37. Rxa4 Rg5+ 38. Kf4 Ke6 39. Rd2 Rf5+ 40. Kg4 h5+
41. Kh3 Kxe5 42. Rxc4 Rf2 43. Rcd4 Bg5 44. Nf4 Rxd2 45. Rxd2 Ke4 46. Rd4+ Kf3
47. Nd3 Be7 48. Rf4+ Ke3 49. Nb4 Rb5 50. Rd4 Kf3 51. Nd5 Bd6 52. b4 Be5 53. Rd1
Ke2 54. c4 Rxb4 55. Nxb4 Kxd1 56. Nd3 Bc7 57. Nc5 Kc2 58. Nxb7 Kc3 59. c5 Kc4
60. Nd6+ Kxc5 1/2-1/2

[Event "Riga Tech Open A 2018"]
[Site "Riga LAT"]
[Date "2018.08.09"]
[Round "5.48"]
[White "Saveliev, Alexei"]
[Black "Semjonovs, Ilja"]
[Result "0-1"]
[WhiteElo "2382"]
[BlackElo "2242"]
[WhiteFideId "24128546"]
[BlackFideId "11604263"]
[EventDate "2018.08.06"]

1. e4 c5 2. Nf3 d6 3. d4 cxd4 4. Nxd4 Nf6 5. Nc3 a6 6. Be2 e5 7. Nb3 Be7 8. Be3
Be6 9. Nd5 Nxd5 10. exd5 Bf5 11. Qd2 Bg6 12. O-O Nd7 13. a4 O-O 14. a5 Rc8 15.
Rac1 Re8 16. c4 h6 17. Rfd1 Bg5 18. Bxg5 hxg5 19. Bg4 f5 20. Be2 Qf6 21. Qb4 Rc7
22. Qa3 Rec8 23. Nd2 Bf7 24. b4 e4 25. Nb3 Qe5 26. c5 Nf6 27. b5 axb5 28. cxd6
Rxc1 29. Nxc1 Rd8 30. Bxb5 Rxd6 31. Bc4 Bxd5 32. h3 Rd7 33. Qc5 Qe6 34. Bb5 Bc6
35. Be2 Rxd1+ 36. Bxd1 Kh7 37. Nb3 Qd5 38. Qc1 e3 0-1

[Event "Riga Tech Open A 2018"]
[Site "Riga LAT"]
[Date "2018.08.09"]
[Round "6.1"]
[White "Kovalenko, Igor"]
[Black "Petrosyan, Manuel"]
[Result "1-0"]
[WhiteTitle "GM"]
[BlackTitle "GM"]
[WhiteElo "2641"]
[BlackElo "2567"]
[WhiteFideId "14117908"]
[BlackFideId "13300857"]
[EventDate "2018.08.06"]

1. Nf3 d5 2. d4 Nf6 3. c4 e6 4. Nc3 Be7 5. Bg5 O-O 6. e3 h6 7. Bxf6 Bxf6 8. Rc1
c6 9. h3 Nd7 10. a3 Qe7 11. cxd5 exd5 12. Bd3 Rd8 13. O-O Nf8 14. b4 a5 15. Qb3
axb4 16. axb4 b5 17. Ne2 Qd6 18. Qc3 Bd7 19. Ne5 Rdc8 20. Ng3 g6 21. Ra1 Be7 22.
Rfc1 Ra4 23. Nxd7 Rxa1 24. Qxa1 Qxd7 25. Qc3 Qb7 26. Ne2 Nd7 27. Nf4 Nb6 28. Qc2
Bf6 29. Ra1 Nc4 30. Bxg6 fxg6 31. Qxg6+ Bg7 32. Qe6+ Kh7 33. Qf5+ Kg8 34. Ra7
Qxa7 35. Qxc8+ Kh7 36. Qf5+ Kg8 37. Qe6+ Qf7 38. Qxc6 Bxd4 39. Nxd5 Bg7 40. Qxb5
Nd6 41. Qd3 Qb7 42. f4 Kf7 43. Kf2 Ke6 44. e4 Qa7+ 45. Kf3 Bd4 46. Qa6 Qf7 47.
g4 Qh7 48. f5+ Ke5 49. Nf4 Qc7 50. Qa5+ Qxa5 51. Ng6+ Kf6 52. bxa5 Nc4 53. a6
Ba7 54. Ke2 h5 55. Kd3 hxg4 56. hxg4 Ne3 57. e5+ Kg5 58. Ke4 Nxg4 59. Ne7 Bg1
60. Kd5 Kf4 61. e6 Nf6+ 62. Kc6 Ke5 63. Nc8 Kxf5 64. Nb6 Ng8 65. a7 Ne7+ 66. Kb7
Bxb6 67. Kxb6 Nc8+ 68. Kc5 1-0

[Event "Riga Tech Open A 2018"]
[Site "Riga LAT"]
[Date "2018.08.09"]
[Round "6.2"]
[White "Ter-Sahakyan, Samvel"]
[Black "Donchenko, Alexander"]
[Result "1/2-1/2"]
[WhiteTitle "GM"]
[BlackTitle "GM"]
[WhiteElo "2551"]
[BlackElo "2612"]
[WhiteFideId "13302531"]
[BlackFideId "24603295"]
[EventDate "2018.08.06"]

1. e4 c6 2. d4 d5 3. exd5 cxd5 4. Bd3 Nc6 5. c3 Qc7 6. Ne2 Bg4 7. O-O e6 8. Qe1
Nf6 9. Bf4 Bd6 10. Bxd6 Qxd6 11. Nd2 Bh5 12. f4 Ne7 13. Ng3 Bg6 14. f5 exf5 15.
Nxf5 Bxf5 16. Bxf5 O-O 17. Qh4 Nxf5 18. Rxf5 Rae8 19. Raf1 Re6 20. Nf3 g6 21.
Rf4 Ne4 22. Ng5 Nxg5 23. Qxg5 f6 24. Qg4 1/2-1/2

[Event "Riga Tech Open A 2018"]
[Site "Riga LAT"]
[Date "2018.08.09"]
[Round "6.3"]
[White "Hovhannisyan, Robert"]
[Black "Meshkovs, Nikita"]
[Result "1/2-1/2"]
[WhiteTitle "GM"]
[BlackTitle "GM"]
[WhiteElo "2608"]
[BlackElo "2524"]
[WhiteFideId "13302507"]
[BlackFideId "11602740"]
[EventDate "2018.08.06"]

1. e4 e5 2. Nf3 Nc6 3. Bb5 a6 4. Ba4 Nf6 5. O-O Nxe4 6. d4 b5 7. Bb3 d5 8. dxe5
Be6 9. Be3 Be7 10. c3 Nc5 11. Bc2 Nd7 12. Nd4 Ncxe5 13. f4 Nc4 14. Bc1 Nf6 15.
b3 Nd6 16. Nc6 Qd7 17. Ne5 Qc8 18. Nc6 Qd7 19. Ne5 Qc8 20. Nc6 Qd7 21. Ne5 1/2-1/2

[Event "Riga Tech Open A 2018"]
[Site "Riga LAT"]
[Date "2018.08.09"]
[Round "6.4"]
[White "Carlsson, Pontus"]
[Black "Predke, Alexandr"]
[Result "1/2-1/2"]
[WhiteTitle "GM"]
[BlackTitle "GM"]
[WhiteElo "2442"]
[BlackElo "2606"]
[WhiteFideId "1705814"]
[BlackFideId "24107581"]
[EventDate "2018.08.06"]

1. e4 e5 2. Nf3 Nc6 3. d4 exd4 4. Nxd4 Nf6 5. Nc3 Bb4 6. Nxc6 bxc6 7. Bd3 d5 8.
exd5 O-O 9. O-O cxd5 10. h3 c6 11. Qf3 Rb8 12. Bf4 Bd6 13. b3 Qc7 14. Ne2 Re8
15. c4 Bxf4 16. Nxf4 Bb7 17. Rac1 1/2-1/2

[Event "Riga Tech Open A 2018"]
[Site "Riga LAT"]
[Date "2018.08.09"]
[Round "6.5"]
[White "Repka, Christopher"]
[Black "Pechac, Jergus"]
[Result "1-0"]
[WhiteTitle "GM"]
[BlackTitle "IM"]
[WhiteElo "2528"]
[BlackElo "2431"]
[WhiteFideId "14918781"]
[BlackFideId "14926970"]
[EventDate "2018.08.06"]

1. d4 f5 2. c4 Nf6 3. Nf3 e6 4. g3 d5 5. Bg2 Bd6 6. O-O O-O 7. c5 Be7 8. b4 b6
9. Bb2 a5 10. a3 Bd7 11. Nc3 Ne4 12. Ne5 Nc6 13. Nxd7 Qxd7 14. Nxe4 fxe4 15. b5
Na7 16. a4 Rab8 17. c6 Qe8 18. f3 exf3 19. exf3 Qg6 20. f4 Rbe8 21. Qb1 Nc8 22.
Bc3 Nd6 23. Ra2 Bf6 24. Qd1 Re7 25. Re2 h5 26. Bf3 Qf5 27. Ree1 g6 28. Be2 Qh3
29. Bb2 Nf5 30. Bf3 g5 31. Qd2 Rg7 32. Bg2 Qg4 33. Rf3 Nd6 34. h3 Qf5 35. fxg5
Qxg5 36. Qxg5 Rxg5 37. Rxe6 Ne4 38. Kh2 Kf7 39. Re5 Rfg8 40. Rxg5 Rxg5 41. Bc1
Rg7 42. Bf4 Ke6 43. h4 Nd6 44. Bxd6 1-0

[Event "Riga Tech Open A 2018"]
[Site "Riga LAT"]
[Date "2018.08.09"]
[Round "6.6"]
[White "Smirin, Ilia"]
[Black "Quillan, Gary"]
[Result "1/2-1/2"]
[WhiteTitle "GM"]
[BlackTitle "IM"]
[WhiteElo "2602"]
[BlackElo "2349"]
[WhiteFideId "2801990"]
[BlackFideId "401153"]
[EventDate "2018.08.06"]

1. Nf3 Nf6 2. c4 c5 3. d4 e6 4. g3 cxd4 5. Nxd4 Bb4+ 6. Bd2 Bc5 7. Nb3 Be7 8.
Bg2 d5 9. cxd5 exd5 10. Ba5 b6 11. Bc3 Bb7 12. O-O Nbd7 13. Nd4 O-O 14. Nf5 Re8
15. Bd4 Nc5 16. Nc3 Qd7 17. Bh3 Ne6 18. Rc1 Qd8 19. Nxe7+ Qxe7 20. e3 Rad8 21.
Qa4 Nxd4 22. Qxd4 Ne4 23. Rfd1 h5 24. Nb5 Ng5 25. Bg2 Ne6 26. Qe5 h4 27. Bxd5
Bxd5 28. Rxd5 Qb4 29. Nd6 hxg3 30. hxg3 Ng5 31. Qxg5 Rxd6 32. Rxd6 Qxd6 33. Qb5
Re5 34. Rc8+ Kh7 35. Qa4 Rh5 36. Qg4 g6 37. Qf3 Rf5 38. Qe2 Rh5 39. e4 Qd7 40.
Rc3 Kg7 41. a3 Qe6 42. Qf3 Qa2 43. Rc1 1/2-1/2

[Event "Riga Tech Open A 2018"]
[Site "Riga LAT"]
[Date "2018.08.09"]
[Round "6.7"]
[White "Kaczur, Florian"]
[Black "Svane, Rasmus"]
[Result "1/2-1/2"]
[WhiteTitle "IM"]
[BlackTitle "GM"]
[WhiteElo "2482"]
[BlackElo "2591"]
[WhiteFideId "705098"]
[BlackFideId "4657101"]
[EventDate "2018.08.06"]

1. e4 c6 2. d4 d5 3. Nd2 dxe4 4. Nxe4 Bf5 5. Ng3 Bg6 6. h4 h6 7. Nf3 e6 8. h5
Bh7 9. Bd3 Bxd3 10. Qxd3 Nf6 11. Bd2 Be7 12. O-O-O c5 13. Ne4 Nc6 14. Bc3 Qd5
15. Nxf6+ gxf6 16. dxc5 Qxd3 17. cxd3 Rg8 18. g3 Bxc5 19. d4 Bb4 20. d5 Bxc3 21.
bxc3 exd5 22. Rxd5 Rd8 23. Re1+ Kf8 24. Rxd8+ Nxd8 25. Re4 Ne6 26. Kc2 Ng5 27.
Rf4 Nxf3 28. Rxf3 Rg5 29. Rxf6 Rxh5 30. a4 Ke7 31. Rf4 Ke6 32. Kd3 Rd5+ 33. Ke3
Re5+ 34. Kd3 Rf5 35. Re4+ Kd6 36. f4 Rf6 37. Rb4 b6 38. a5 bxa5 39. Rb5 Kc6 40.
Rxa5 Kb6 41. Rh5 Rg6 42. Kc4 Kc6 43. Ra5 Kb6 44. Rf5 Rxg3 45. Rxf7 h5 46. Rh7
Rg4 47. Rxh5 Rxf4+ 48. Kb3 a5 49. Rg5 a4+ 50. Ka3 Rc4 51. Rh5 Rxc3+ 52. Kxa4 Rc5
53. Rxc5 Kxc5 1/2-1/2

[Event "Riga Tech Open A 2018"]
[Site "Riga LAT"]
[Date "2018.08.09"]
[Round "6.9"]
[White "Yankelevich, Lev"]
[Black "Stocek, Jiri"]
[Result "1-0"]
[WhiteTitle "IM"]
[BlackTitle "GM"]
[WhiteElo "2420"]
[BlackElo "2582"]
[WhiteFideId "24684074"]
[BlackFideId "304760"]
[EventDate "2018.08.06"]

1. Nf3 Nf6 2. c4 b6 3. g3 Bb7 4. Bg2 e6 5. O-O a5 6. Nc3 Na6 7. d3 d5 8. cxd5
exd5 9. Ne5 Bd6 10. Qa4+ Kf8 11. d4 Qe8 12. Qxe8+ Rxe8 13. Nc4 Bb4 14. Ne3 c6
15. a3 Bd6 16. Nf5 Bc7 17. Bg5 Re6 18. f3 h6 19. Bd2 g6 20. Nxh6 b5 21. e4 Bb6
22. Ne2 c5 23. Nf4 Rc6 24. e5 Nd7 25. e6 Rxh6 26. exd7 Rh8 27. Nxd5 Bd8 28. dxc5
Nxc5 29. Bc3 Rh5 30. Rad1 Ne6 31. f4 Rc5 32. Be5 Rc2 33. h4 f6 34. Bd6+ Kf7 35.
Bf3 Rh8 36. b4 Rc4 37. Rfe1 Nd4 38. Bg2 Nf5 39. Bc5 axb4 40. axb4 Rc2 41. Be4
Rb2 42. Rd3 Ba8 43. Nc3 Bxe4 44. Nxe4 Bc7 45. Nc3 Ra8 46. g4 Ng7 47. Nxb5 Bd8
48. Nd6+ Kg8 49. Nb7 Ne6 50. Nxd8 Nxd8 51. Rde3 1-0

[Event "Riga Tech Open A 2018"]
[Site "Riga LAT"]
[Date "2018.08.09"]
[Round "6.11"]
[White "Schroeder, Jan-Christian"]
[Black "Samolins, Vitalijs"]
[Result "1-0"]
[WhiteTitle "GM"]
[BlackTitle "IM"]
[WhiteElo "2573"]
[BlackElo "2419"]
[WhiteFideId "24662259"]
[BlackFideId "11602112"]
[EventDate "2018.08.06"]

1. e4 e5 2. Nf3 Nc6 3. Bc4 Bc5 4. O-O Nf6 5. d3 O-O 6. h3 d6 7. c3 Be6 8. Bxe6
fxe6 9. b4 Bb6 10. Nbd2 a6 11. Nc4 Ba7 12. a4 b5 13. Na3 Qd7 14. Qe2 Nh5 15. Kh2
Rfb8 16. Bd2 Nf6 17. axb5 axb5 18. Ra2 Ne7 19. Rfa1 Bb6 20. c4 bxc4 21. Nxc4
Rxa2 22. Rxa2 Nc6 23. Nxb6 Rxb6 24. Bc3 Nxb4 25. Ra8+ Kf7 26. Bxe5 Qb5 27. Bxf6
gxf6 28. Qe3 Ra6 29. Rd8 Ke7 30. Rg8 Kf7 31. Nd4 Qxd3 32. Qh6 Kxg8 33. Nxe6 Kf7
34. Qf8+ Kxe6 35. Qe8# 1-0

[Event "Riga Tech Open A 2018"]
[Site "Riga LAT"]
[Date "2018.08.09"]
[Round "6.14"]
[White "Praggnanandhaa, R"]
[Black "Chekletsov, Ilya"]
[Result "1/2-1/2"]
[WhiteTitle "IM"]
[BlackTitle "IM"]
[WhiteElo "2532"]
[BlackElo "2379"]
[WhiteFideId "25059530"]
[BlackFideId "24177156"]
[EventDate "2018.08.06"]

1. Nf3 Nf6 2. g3 b6 3. Bg2 Bb7 4. O-O e6 5. d3 d5 6. Nbd2 Nbd7 7. b3 Bc5 8. Bb2
O-O 9. a3 a5 10. e4 dxe4 11. Ng5 Be7 12. Ngxe4 Rb8 13. f4 Nxe4 14. dxe4 Re8 15.
Qe2 Bf8 16. Rad1 Qe7 17. Nf3 Rbd8 18. e5 Nb8 19. Kh1 Rxd1 20. Rxd1 Rd8 21. Re1
Qd7 22. g4 Bc5 23. Ra1 Nc6 24. Qe1 Qc8 25. Qh4 Qd7 26. Qh3 Ne7 27. Re1 Bf2 28.
Rf1 Bc5 29. Re1 Bf2 30. Rf1 Bc5 31. Re1 1/2-1/2

[Event "Riga Tech Open A 2018"]
[Site "Riga LAT"]
[Date "2018.08.09"]
[Round "6.15"]
[White "Sirosh, Ilja"]
[Black "Lobanov, Sergei"]
[Result "1/2-1/2"]
[WhiteTitle "FM"]
[BlackTitle "IM"]
[WhiteElo "2372"]
[BlackElo "2531"]
[WhiteFideId "4500458"]
[BlackFideId "24183750"]
[EventDate "2018.08.06"]

1. c4 e5 2. g3 Nf6 3. Bg2 d5 4. cxd5 Nxd5 5. Nc3 Nb6 6. Nf3 Nc6 7. O-O Be7 8.
Rb1 O-O 9. b4 a6 10. a3 Re8 11. d3 Bf8 12. Bd2 Nd4 13. Ne4 Rb8 14. Nc5 Nd7 15.
Nxd4 exd4 16. Nb3 Nf6 17. Bc1 b6 18. e4 dxe3 19. fxe3 c5 20. bxc5 bxc5 21. Qc2
Bd7 22. Nd2 Bb5 23. Nc4 Ba4 24. Qxa4 Rxb1 25. Qc2 Rb8 26. e4 Qd7 27. Bb2 Qe6 28.
Bxf6 gxf6 29. Rf5 Bd6 30. Bh3 Qe7 31. Rh5 Be5 32. Qe2 Qd8 33. Bf5 Qd4+ 34. Kg2
Rb2 35. Nxb2 Qxb2 36. Qxb2 Bxb2 37. Bd7 Rd8 38. Rd5 Bxa3 39. Ba4 Rb8 40. Rd7
Rb2+ 41. Kf3 Rxh2 42. Bb3 Bb2 1/2-1/2

[Event "Riga Tech Open A 2018"]
[Site "Riga LAT"]
[Date "2018.08.09"]
[Round "6.16"]
[White "Dragnev, Valentin"]
[Black "Akesson, Ralf"]
[Result "1-0"]
[WhiteTitle "GM"]
[BlackTitle "GM"]
[WhiteElo "2509"]
[BlackElo "2389"]
[WhiteFideId "1634852"]
[BlackFideId "1700120"]
[EventDate "2018.08.06"]

1. d4 Nf6 2. Nf3 e6 3. c4 d5 4. Nc3 Be7 5. Bf4 O-O 6. a3 c5 7. dxc5 dxc4 8. e4
Na6 9. Bxc4 Qxd1+ 10. Rxd1 Nxc5 11. Rd4 a5 12. Ke2 b6 13. Bc7 Ba6 14. Bxa6 Rxa6
15. e5 Ne8 16. Bd8 Bxd8 17. Rxd8 Nc7 18. Rhd1 Ra8 19. Rxa8 Rxa8 20. Rd6 Rb8 21.
Rc6 Ne8 22. Nd2 Nd7 23. f4 g5 24. g3 Kf8 25. Nc4 gxf4 26. gxf4 Ke7 27. Nb5 f6
28. Nd4 Ng7 29. Rc7 1-0